| 000 | 01089nam a2200265 i 4500 | ||
|---|---|---|---|
| 001 | 190411 | ||
| 003 | ES-MaACL | ||
| 005 | 20240108152800.0 | ||
| 008 | 210322s2016 ru af 001 0 spa d | ||
| 020 | _a978-5-7133-1557-3 | ||
| 245 | 0 | 0 |
_aPocciickie diplomaty v Ispanii, 1667-2017 = _bDiplomáticos rusos en España, 1667-2017. |
| 246 | 3 | 1 | _aDiplomáticos rusos en España, 1667-2017 |
| 260 |
_aMockba = Moscú : _bMezhdunarodnye otnoshenia, _c2016. |
||
| 300 |
_a670 p., [8] p. de lám. col. : _bil. ; _c25 cm. |
||
| 500 | _aÍndices. | ||
| 504 | _aBibliografía: p. 611-626. | ||
| 546 | _aTexto en ruso y español. | ||
| 594 | _aPrecede al tít. en español: Universidad Nacional de Investigación "Escuela Superior de Economía" | ||
| 650 | 0 | 0 |
_aDiplomáticos- _zEspaña- _vHistoria. _911919 |
| 651 | 4 |
_aRusia- _xRelaciones- _zEspaña. _9170137 |
|
| 651 | 4 |
_aEspaña- _xRelaciones- _zRusia. _9170136 |
|
| 852 |
_aES-MaACL _bR.152555 _cDEPO1 _dOlim: N-7608 _9 197588 _hDonacion: Editorial _x Encuadernación en cartoné |
||
| 942 | _2udc | ||
| 999 |
_c190411 _d190411 |
||